Представление документа в формате MARC21

Поле Инд. ПП Название Значение
Тип записи a
Библиографический уровень m
001 Контрольный номер RU/IS/BASE/128448309
005 Дата корректировки 20220708110951.3
040 b Код языка каталог. rus
041 a Код языка текста rus
080 00 a Индекс УДК 004.42
084 a Индекс другой классификации/Индекс ББК 32.973.26-018.2
090 00 a Полочн. индекс 681.3
c Каталожный индекс 681.3.066
x Авторский знак Л47
097 b Оператор 11
100 10 a Автор Леонтьев Б.
245 00 a Заглавие Как установить и настроить Мicrosoft Windows 98
260 00 a Место издания М.
b Издательство Познавательная книга плюс
c Дата издания 1999
300 00 a Объем 192 с.
b Иллюстрации/ тип воспроизводства ил.
510 a Примечание о ссылках Книги и методические пособия
650 a Основная рубрика 50.41 Программное обеспечение вычислительных машин, комплексов и сетей
x Основная подрубрика 50.41.15 Операционные системы
653 00 a Ключевые слова Windows; операционные системы; вычислительные системы
901 t Тип документа m